<?xml version="1.0" encoding="UTF-8"?>
<marc:record xmlns:marc="http://www.loc.gov/MARC21/slim">
   <marc:leader>00000nam a2200000 a 4500</marc:leader>
   <marc:datafield ind1="0" ind2="0" tag="245">
      <marc:subfield code="a">Paper Planes</marc:subfield>
   </marc:datafield>
   <marc:datafield ind1="0" ind2="0" tag="245">
      <marc:subfield code="b">Träumen Emus vom Fliegen</marc:subfield>
   </marc:datafield>
   <marc:datafield ind1=" " ind2="1" tag="264">
      <marc:subfield code="a">Ismaning</marc:subfield>
      <marc:subfield code="b">EuroVideo</marc:subfield>
      <marc:subfield code="c">2018</marc:subfield>
   </marc:datafield>
   <marc:datafield ind1="1" ind2=" " tag="490">
      <marc:subfield code="a">5</marc:subfield>
   </marc:datafield>
   <marc:datafield ind1="1" ind2=" " tag="520">
      <marc:subfield code="a">Der kleine Dylan lebt in Australien und entdeckt eines Tages, dass er ein bisher nicht gekanntes Talent besitzt: Das Bauen von Papierfliegen. Sein neues, leidenschaftliches Hobby führt sogar soweit, dass ihm seine Fähigkeiten eine Einladung zur Weltmeisterschaft nach Tolyo einbringen. Von seinen Freunden, Nachbarn und Verwandten bekommt der Junge all die Unterstützung, die er braucht, damit sein Traum in Erfüllung geht. Nur sein depressiver Vater Jack hält sich merklich aus allem heraus. Bis Dylan vor einer schweren Entscheidung steht: Entweder er erfüllt sich selbst seinen Traum oder er versucht, seinem Vater zu helfen...</marc:subfield>
   </marc:datafield>
   <marc:datafield ind1=" " ind2=" " tag="020">
      <marc:subfield code="a">4009750235553</marc:subfield>
      <marc:subfield code="9">4009750235553</marc:subfield>
   </marc:datafield>
   <marc:datafield ind1="0" ind2=" " tag="490">
      <marc:subfield code="v">0</marc:subfield>
   </marc:datafield>
   <marc:datafield ind1=" " ind2=" " tag="300">
      <marc:subfield code="a">ca. 93 Min.</marc:subfield>
   </marc:datafield>
</marc:record>
